| 000 | 00700pam a2200241 a 4500 | ||
|---|---|---|---|
| 001 | 4240763 | ||
| 005 | 20251121184959.0 | ||
| 008 | 830429s1983 paua 001 0 eng | ||
| 020 |
_a0830602623 : _c$16.95 |
||
| 020 |
_a0830601627 (pbk.) : _c$10.95 |
||
| 020 | _a9780830602629 | ||
| 020 | _a9780830601622 | ||
| 050 | 0 | 0 |
_aTH4819.E27 _bS347 1983 |
| 082 | 0 | 0 |
_a690/.8 _219 |
| 100 | 1 | _aScott, Ray G. | |
| 245 | 1 | 4 |
_aThe underground home answer book / _cby Ray G. Scott. |
| 250 | _a1st ed. | ||
| 260 |
_aBlue Ridge Summit, Pa. : _bTab Books, _cc1983. |
||
| 300 |
_avii, 263 p. : _bill. ; _c22 cm. |
||
| 500 | _aIncludes index. | ||
| 650 | 0 | _aEarth sheltered houses. | |
| 942 |
_2lcc _cBK _e1st ed. _n0 |
||
| 999 |
_c8318 _d8318 |
||